Normal view
MARC view
- Attention-deficit-disordered children--Education--United States--Handbooks, manuals, etc.
Entry Topical Term
001 - CONTROL NUMBER
- control field: 38396
003 - CONTROL NUMBER IDENTIFIER
- control field: OSt
005 - DATE AND TIME OF LATEST TRANSACTION
- control field: 20190417154646.0
008 - FIXED-LENGTH DATA ELEMENTS
- fixed length control field: 190417|| aca||aabn | a|a d
040 ## - CATALOGING SOURCE
- Original cataloging agency: OSt
- Transcribing agency: OSt
150 ## - HEADING--TOPICAL TERM
- Topical term or geographic name entry element: Attention-deficit-disordered children--Education--United States--Handbooks, manuals, etc.
670 ## - SOURCE DATA FOUND
- Source citation: Work cat.: (OSt): Rief,Sandra F. 38395, How te reach and teach children and teens with ADDADHD /, ©2016.
